000 00321nam a22001337a 4500
020 _a978-019-567698-3
082 _a030
_bJON/O
100 _aLAW, JONATHAN
245 _aOXFORD LANGUAGE REFERENCE
260 _aDELHI
_bOXFORD UNIVERSITY PRESS
_c2001
300 _a218
650 _aLANGUAGE REFERENCE 1
_zINDIA
942 _cBK
999 _c2038
_d2038